Quizzes
Events
Quiz Creation
Community
Videos
Private Events
Remove Ads
Sign In
Join for FREE
Feedback
Dark Mode
Quiz Categories
Sports
Geography
Music
Movies
Television
Just For Fun
Miscellaneous
History
Literature
Language
Science
Gaming
Entertainment
Religion
Holiday
For Kids
Quiz Lab
Recent
Popular Today
Quiz Kudos Today
Editor Picks
Curator Picks
Quizzes by...
Day
Popularity
Type
Ratings
Length
Year
Community
Subscriptions
Recent Discussions
Orange Saloon
Badges
Playlists
Quests
Create
Leaderboards
Showdown
Live 5
Trivia Bingo
Activity
Puzzle Library
Sporcle Events
Private Events
Virtual Trivia
Globe League
Become a Host
Pub Owners
SporcleCon
Opinionation
Our Games
Videos
Blog
Mobile Apps
Partnerships
Remove Ads and Go Orange
Feedback
Geography
Country
Landmarks
City
State
Population
World
Capital
Continent
Flags
Europe
Africa
Asia
South America
North America
Oceania
Border
Canada
United Kingdom
Topography
United States
Geography
Country
Landmarks
City
State
Population
World
Capital
Continent
Flags
Europe
Africa
Asia
South America
North America
Oceania
Border
Canada
United Kingdom
Topography
United States
Random Quiz
Search Sporcle
×
Quiz Lab
Quiz Lab
Geography
counties
Type in answers that appear in a list
Type in answers that appear in a list
Classic
Best Score? Go Orange.
UK Parliamentary Constituencies (N Eng) Stats
Can you name the UK Parliamentary Constituencies In The North of England For The 2010 General Election?
By
Fish1987
15m
147 Questions
546 Plays
546 Plays
546 Plays
Comments
Comments
Give Quiz Kudos
Give Quiz Kudos
-
- Ratings
hide this ad
Replay
Link that replays current quiz
Next Quiz
Link to next quiz in quiz playlist
You Got
0%
They Got
Avg Score
61%
Avg Friend Score
Upgrade to see
Score Distribution
Jump to the score distribution portion of the page
Score
0/147
Timer
15:00
0
Plays Today
County
Constituency
% Correct
Greater Manchester
Manchester Central
77.4%
Cumbria
Carlisle
76.1%
West Yorkshire
Leeds Central
75.4%
West Yorkshire
Bradford West
75.2%
South Yorkshire
Sheffield Hallam
75.2%
Durham
City of Durham
75%
Merseyside
Birkenhead
74.8%
West Yorkshire
Leeds North West
74.8%
West Yorkshire
Leeds West
73.9%
West Yorkshire
Leeds East
73.5%
Humberside
Kingston upon Hull East
73.3%
Merseyside
Southport
73%
Merseyside
Wirral West
73%
West Yorkshire
Leeds North East
73%
North Yorkshire
Richmond
72.4%
Humberside
Kingston upon Hull North
72.2%
Lancashire
Preston
71.7%
South Yorkshire
Rotherham
71.3%
Greater Manchester
Bury South
71%
South Yorkshire
Doncaster North
71%
Greater Manchester
Bury North
70.8%
West Yorkshire
Bradford East
70.8%
Tyne and Wear
Newcastle upon Tyne North
70.6%
West Yorkshire
Bradford South
70.4%
Lancashire
Blackburn
70.4%
Merseyside
Liverpool Riverside
70.2%
Merseyside
Wirral South
70.2%
Greater Manchester
Rochdale
70%
Tyne and Wear
Newcastle upon Tyne East
69.9%
Tyne and Wear
Newcastle upon Tyne Central
69.7%
West Yorkshire
Huddersfield
69.5%
Greater Manchester
Bolton West
69.3%
Merseyside
Liverpool Wavertree
69.1%
Lancashire
Blackpool South
68.6%
Greater Manchester
Wigan
68.4%
Merseyside
Bootle
68.2%
South Yorkshire
Sheffield Central
68.2%
Cleveland
Middlesbrough
68.2%
Durham
Darlington
67.6%
North Yorkshire
York Central
67.5%
North Yorkshire
York Outer
67.5%
Cumbria
Barrow and Furness
67.3%
Greater Manchester
Bolton North East
66.9%
Greater Manchester
Manchester Gorton
66.9%
Cumbria
Penrith and the Border
66.9%
Cleveland
Redcar
66.9%
West Yorkshire
Halifax
66.7%
South Yorkshire
Doncaster Central
66.7%
Greater Manchester
Stockport
66.4%
County
Constituency
% Correct
Tyne and Wear
Gateshead
66.2%
Lancashire
Burnley
66%
Tyne and Wear
Sunderland Central
66%
Merseyside
Liverpool Walton
65.8%
Greater Manchester
Bolton South East
65.6%
Merseyside
Liverpool West Derby
65.3%
Northumberland
Hexham
64.3%
Northumberland
Berwick-upon-Tweed
63.8%
Tyne and Wear
South Shields
63.8%
West Yorkshire
Wakefield
63.6%
West Yorkshire
Morley and Outwood
63.2%
Merseyside
Sefton Central
63.1%
Cumbria
Workington
63.1%
Greater Manchester
Cheadle
62.9%
Durham
Sedgefield
62.5%
Cleveland
Hartlepool
62.5%
South Yorkshire
Barnsley East
62.3%
West Yorkshire
Dewsbury
61.9%
Lancashire
Ribble Valley
61.9%
Cleveland
Stockton South
61.9%
South Yorkshire
Barnsley Central
61.8%
South Yorkshire
Don Valley
61.8%
Humberside
Scunthorpe
61.8%
North Yorkshire
Scarborough and Whitby
61.8%
Merseyside
St Helens North
61.6%
Greater Manchester
Manchester Withington
61.6%
Cleveland
Stockton North
61.6%
Cumbria
Westmorland and Lonsdale
61.4%
Merseyside
Wallasey
61.2%
Greater Manchester
Leigh
61%
West Yorkshire
Pudsey
61%
West Yorkshire
Keighley
60.7%
Cumbria
Copeland
60.7%
West Yorkshire
Calder Valley
60.5%
Tyne and Wear
Jarrow
60.5%
Greater Manchester
Altrincham and Sale West
60.3%
Merseyside
Knowsley
59.6%
Humberside
Kingston upon Hull West and Hessle
59.6%
West Yorkshire
Colne Valley
59.4%
Humberside
Great Grimsby
59.2%
Greater Manchester
Oldham East and Saddleworth
59%
Tyne and Wear
Tynemouth
58.6%
North Yorkshire
Harrogate and Knaresborough
58.5%
West Yorkshire
Batley and Spen
57.9%
South Yorkshire
Rother Valley
57.7%
Humberside
Brigg and Goole
57.7%
Northumberland
Blyth Valley
57.7%
Humberside
East Yorkshire
57.4%
Lancashire
Blackpool North and Cleveleys
57.2%
County
Constituency
% Correct
Humberside
Cleethorpes
57%
Durham
Bishop Auckland
56.8%
Durham
North West Durham
56.6%
Lancashire
South Ribble
56.4%
Tyne and Wear
Houghton and Sunderland South
56.4%
Greater Manchester
Hazel Grove
56.3%
South Yorkshire
Sheffield Heeley
56.1%
Northumberland
Wansbeck
56.1%
North Yorkshire
Thirsk and Malton
55.7%
Lancashire
Chorley
55.7%
Lancashire
Pendle
55.7%
Lancashire
Lancaster and Fleetwood
55.5%
North Yorkshire
Skipton and Ripon
55.3%
Lancashire
West Lancashire
55.3%
West Yorkshire
Shipley
55.1%
Lancashire
Fylde
55%
Humberside
Beverley and Holderness
54.6%
Tyne and Wear
Washington and Sunderland West
54.4%
West Yorkshire
Normanton, Pontefract and Castleford
54.2%
Humberside
Haltemprice and Howden
54%
Greater Manchester
Salford and Eccles
53.9%
South Yorkshire
Sheffield Brightside and Hillsborough
53.9%
North Yorkshire
Selby and Ainsty
53.9%
Durham
Easington
53.1%
Durham
North Durham
52.9%
Tyne and Wear
Blaydon
52.8%
Greater Manchester
Oldham West and Royton
52.2%
South Yorkshire
Sheffield South East
52.2%
Tyne and Wear
North Tyneside
51.5%
West Yorkshire
Elmet and Rothwell
51.3%
Cleveland
Middlesbrough South and East Cleveland
51.3%
Greater Manchester
Wythenshawe and Sale East
51.1%
South Yorkshire
Penistone and Stocksbridge
50.9%
Lancashire
Hyndburn
50.7%
Greater Manchester
Heywood and Middleton
50.4%
Greater Manchester
Makerfield
50%
Merseyside
St Helens South and Whiston
49.4%
Lancashire
Morecambe and Lunesdale
49.4%
Merseyside
Garston and Halewood
49.3%
West Yorkshire
Hemsworth
48.9%
Lancashire
Wyre and Preston North
48.3%
Greater Manchester
Ashton-under-Lyme
48%
Greater Manchester
Blackley and Broughton
47.8%
Lancashire
Rossendale and Drawen
47.6%
Greater Manchester
Denton and Reddish
47.2%
South Yorkshire
Wentworth and Dearne
47.1%
Greater Manchester
Stalybridge and Hyde
46.9%
Greater Manchester
Stretford and Urmston
44.9%
Greater Manchester
Worlsey and Eccles South
43.6%
Quiz Playlist
Details
Report
Send in Message
Add To Playlist
Classic:
Type in answers that appear in a list
Last Updated: Feb 16, 2017
Quiz Scoreboard
CHALLENGE
Sign Up to Join the Scoreboard
Show All
Scores
Hide
Comments
May contain spoilers
Recently Published
Popular People in 1961
by mucciniale
History
6m
1-10 Letter E Words III
by El_Dandy
Language
2m
One Thing in Common: World Cities II
by knightlancer
Geography
7m
More to Explore
Quiz From the Vault
Featured Blog Post
Where Did the Easter Bunny Come From?
hide this ad
You Might Also Like...
Tags
2010
Constituency
counties
election
eng
England
General Election
north
Today's Top Quizzes in Geography
Browse Geography
hide this ad
Today's Top Quizzes in counties
Browse counties
Top Contributed Quizzes in Geography
1
Countries of the World - No Outlines Minefield
2
African Flag Reveal XLV
3
Top 25 Cities of France on a map
4
Closest Countries to UK A-Z
5
Blind Secret Country CLXXXVIII
6
Find the US States - No Outlines
7
One Thing in Common: Asia
8
Blind Ultimate Minefield: Asia
9
30 Pics in 60: Landmark Cities
10
Find the States of India (Picture Click)
Explore More
Trending Topics
Harry Potter
Crossword
Kpop
NBA
Anime
Marvel
Disney
Song
Soccer
NFL
Pokémon
Country
Puzzle
The Office
WWE
hide this ad
More By:
Fish1987
Quiz
Plays
Rating
Category
Featured
Created
Wimbledon men's semi-finalists (open era)
8,395
4.88
Sports
Feb 12, 2019
Tennis open era male grand slam winners
7,033
4.94
Sports
Jul 8, 2012
Premier League Logic Puzzle
6,685
3.38
Sports
Jun 26, 2013
Tennis open era female grand slam winners
5,423
4.50
Sports
Jul 10, 2013
English Football 2nd Tier Teams Since 1992
3,818
4.56
Sports
Feb 24, 2010
Go to Creator's Profile
Score Distribution
Quiz Creator Spotlight
Fish1987
Follow
Send a Message
Quizzes Created
-
Created Quiz Play Count
-
More By This Creator
Popular Quizzes Today
1
Find the US States - No Outlines Minefield
2
The Countries of the World
3
Popular People in 1961
4
Find the Countries of Europe - No Outlines Minefield
5
1-10 Letter E Words III
6
Find the US States
7
One Thing in Common: World Cities II
8
US States
More Geography Quizzes
2nd Letter 'I' Countries (Map)
Editor's Pick
Trending Quizzes
1-10 Letter F Words
One Thing in Common: Music
1-10 Letter G Words
Risky Map Clicking: Next State Alphabetically
1-10 Letter F Words II
Recently Updated
Leaping Animals
pecheneg
Reality TV Shows (A-Z)
bhenderson79
Rickey Henderson's Hall of Fame Teammates
pecheneg
Champions League XIs: Arsenal
pecheneg
Quick Pick: Celebrities in WWE's Hall of Fame
aduchscher
A-Z Keypad Blitz II
pecheneg
Multiple Oscar Actors
pecheneg
Mystery Phrase Blitz: Oscar 'Best Actors'
pecheneg
F. Scott Fitzgerald Novels
LTH
Pick 3 Villains
ddd62291
Trending Topics
Anime
Kpop
Harry Potter
Disney
NBA
Crossword
Marvel
The Office
Country
WWE
Puzzle
Song
Soccer
NFL
Pokémon
Your Account Isn't Verified!
In order to create a playlist on Sporcle, you need to verify the email address you used during registration. Go to your
Sporcle Settings
to finish the process.
Report this User
Report this user for behavior that violates our
Community Guidelines
.
Details:
Send Report
Go to the Sporcle.com Mobile Site →
Comments